| 000 | 00480cam a22001451 4500 | ||
|---|---|---|---|
| 082 | 0 | 0 |
_a621.38152 _bSPE _cL-11, P-12 |
| 100 | 1 |
_aSpenke, Eberhard, _941600 |
|
| 245 | 1 | 0 |
_aElectronic semiconductors. _cTranslated with additions by D. A. Jenny [and others]. |
| 260 |
_aNew York, _bMcGraw-Hill, _c1958. |
||
| 300 |
_axxvi, 402 p. _billus. _c24 cm. |
||
| 526 |
_a0 _b0 _c0 _d621_381520000000000_SPE |
||
| 650 | 0 |
_aSemiconductors. _911016 |
|
| 650 | 0 |
_aTransistors. _941555 |
|
| 942 |
_2ddc _cBK |
||
| 999 |
_c545666 _d545666 |
||